000 00662nas a2200229 4500
001 BR4600179
003 BR-BrBNA
005 20231205081846.0
007 ta
008 230509b bl.|||p| |||| 00| 00por d
040 _aBR-BrBNA
_bpor
_cBiblioteca Nacional de Agricultura
041 _a(Pt)
072 _aP12
100 1 _aDaker, A.
245 1 _aProcessos de irrigacao
650 _aIRRIGACAO POR ASPERSAO
650 _aIRRIGACAO POR INFILTRACAO
650 _aIRRIGACAO POR INUNDACAO
773 0 _tRevista Ceres (Brazil)
_xISSN 0034-737X
_g(Jul-Aug 1946), v. 7(37) p. 42-50
_wBR4600179
909 _a202311
_bLúcia
_c55
_dLúcia Elande
942 _2AGRIS
_n0
_cANA
999 _c87390
_d87390